000
00490nam a2200181Ia 4500
008
090123s9999 xx 000 0 und d
082
_b
14977
_a
891.463/साठे
100
_a
साठे माया
245
_a
सावळा
250
_a
1
260
_b
प्रिया प्रकाशन
300
_a
200
600
_a
साठे माया
630
_a
सावळा
700
_a
साठे माया
730
_a
सावळा
942
_c
BOOK
999
_c
53038
_d
53038